Missing Word: British History A-Z Quiz Stats

 Plays Quiz Updated Jul 27, 2014

Support Sporcle.
Go Orange.
Score 0/26 Timer 03:00
1 Play Today
Hint Answer % Correct
Mary, ____ of ScotsQueen
95.6%
____ Carta - 1215Magna
95.4%
Great ____ of London - 1666Fire
93.3%
Charles ____ - naturalistDarwin
92.5%
____ CromwellOliver
91.3%
William ____ - playwrightShakespeare
90.6%
Lady ____ GreyJane
88.7%
Richard the ____Lionheart
86.8%
Queen ____Victoria
84.8%
Wars of the ____ - 1455-85Roses
84%
Horatio ____ - vice admiralNelson
76.5%
Anne ____ - queenBoleyn
75%
____ Plot - 1605Gunpowder
72.2%
Hint Answer % Correct
____ Wren - architectChristopher
71.7%
____ WallHadrian's
70.9%
Battle of ____ - 1815Waterloo
66.7%
____ LongshanksEdward
64.8%
Elizabeth of ____York
59.8%
____ the GreatAlfred
56.3%
Battle of ____ - 1805Trafalgar
52.3%
Acts of ____ - 1707Union
43.6%
Anglo-____ War - 1879Zulu
43.3%
____ Jones - architectInigo
27.9%
____ of Grace - 1536-37Pilgrimage
13%
The Book of Margery ____Kempe
7.7%
____ Wars - 1779-1879Xhosa
5.6%

Today's Daily Dose

You're not logged in!

Compare scores with friends on all Sporcle quizzes.
OR
Log In

From the Vault

One Character, Two Oscars

by aglick

“If you’re good at something, never do it for free.”
Remove Ads.
Support Sporcle.
Get the best of Sporcle when you Go Orange. This ad-free experience offers more features, more stats, and more fun while also helping to support Sporcle. Thank you for becoming a member.

Show Comments

Extras

Top Quizzes Today


Score Distribution

Your Account Isn't Verified!

In order to create a playlist on Sporcle, you need to verify the email address you used during registration. Go to your Sporcle Settings to finish the process.

Report this User

Report this user for behavior that violates our Community Guidelines.

Details: